| 000 | 00682nam a2200205Ia 4500 | ||
|---|---|---|---|
| 005 | 20260121110156.0 | ||
| 008 | 008 260114s9999 xx 000 0 hin d | ||
| 020 | _a9788132365532 | ||
| 037 | _aEBOOK | ||
| 040 |
_aCRL _bhin _cCRL |
||
| 041 |
_ahin _2hin |
||
| 084 | _qCRL | ||
| 100 |
_aकबीर गुलाटी / Kabir Gulati _9942960 |
||
| 245 | 0 | _aपर्यावरण सुरक्षा का संकल्प / Paryavaran Suraksha ka Sankalp | |
| 260 |
_bभाषा प्रकाशन / Bhasha Prakashan _c2021 |
||
| 856 | _uhttps://bhashaprakashan.com/product-details/379205 | ||
| 942 | _cEBOOK | ||
| 999 |
_c1534625 _d1534625 |
||